000 00221nam a22000977a 4500
999 _c16198
_d16198
003 OSt
008 200623b ||||| |||| 00| 0 eng d
100 _aC C Ouseph
_94619
245 _aA Textbook of Physics Part I
942 _cBK